|
|
|
|
| LEADER |
00000nab a2200000 ar4500 |
| 001 |
vtls008623204 |
| 003 |
SK-MaSNL |
| 005 |
20260303071804.0 |
| 008 |
060216c2005 xo ur|p|||||||000 b|slo |
| 015 |
|
|
|a SNBRB2006/0212
|2 snkbucl
|
| 038 |
|
|
|a SNKBUCL
|
| 040 |
|
|
|a SNKBUCL
|b slo
|c SNKBUCL
|e AACR2
|
| 041 |
0 |
|
|a slo
|
| 044 |
|
|
|a xo
|c SK
|
| 080 |
|
|
|a 711:712.25
|2 2001
|
| 080 |
|
|
|a 712.25
|2 2001
|
| 100 |
1 |
|
|a Černáková, Zuzana
|4 aut
|9 529402
|
| 245 |
1 |
0 |
|a Miesta neistoty
|c Zuzana Černáková, Slávo Krekovič
|
| 300 |
|
|
|b Fotogr.
|
| 650 |
0 |
7 |
|a mestá
|x lokality nevyužité
|x prestavba
|2 snkbucl
|9 1070895
|
| 650 |
0 |
7 |
|a imidž mesta
|2 snkbucl
|9 1070896
|
| 650 |
0 |
7 |
|a identita mesta
|2 snkbucl
|9 1070897
|
| 700 |
1 |
|
|a Krekovič, Slavomír
|4 aut
|9 12531
|
| 773 |
0 |
|
|t 3/4
|g Roč. VII, č. 18 (2005), s. 56-57
|x 1335-5309
|
| 852 |
|
|
|a SNK
|b KIS3GCP
|
| 999 |
|
|
|c 1761421
|d 1763351
|